House price drop a blip (Record no. 65736)

MARC details
000 -LEADER
fixed length control field 00813cam a2200205 4500
001 - CONTROL NUMBER
control field WB3702-12
008 - FIXED-LENGTH DATA ELEMENTS--GENERAL INFORMATION
fixed length control field 000000n2001 000 0 eng u
035 ## - SYSTEM CONTROL NUMBER
System control number (Sirsi) u110232
245 ## - TITLE STATEMENT
Title House price drop a blip
260 ## - PUBLICATION, DISTRIBUTION, ETC.
Date of publication, distribution, etc. 2001
490 ## - SERIES STATEMENT
Series statement Sunday Business
Volume/sequential designation 7 January 2001, 7(1)
520 ## - SUMMARY, ETC.
Summary, etc. Halifax claims that house prices will not fall, in spite of a 1.1% retreat of house price inflation in December 2000. Halifax predicts a steady housing market for 2001 with a national rise in prices of 4%, although others suggest a threat of negative equity exists particularly in London. Graph.
590 ## - LOCAL NOTE (RLIN)
Local note WB
650 ## - SUBJECT ADDED ENTRY--TOPICAL TERM
Topical term or geographic name entry element HOUSE PRICES
650 ## - SUBJECT ADDED ENTRY--TOPICAL TERM
Topical term or geographic name entry element HALIFAX
650 ## - SUBJECT ADDED ENTRY--TOPICAL TERM
Topical term or geographic name entry element HOUSING MARKET
650 ## - SUBJECT ADDED ENTRY--TOPICAL TERM
Topical term or geographic name entry element FORECASTS
690 ## - LOCAL SUBJECT ADDED ENTRY--TOPICAL TERM (OCLC, RLIN)
Topical term or geographic name as entry element PROPERTY-RESIDENTIAL PROPERTY-RESIDENTIAL PROPERTY MARKET
942 ## - ADDED ENTRY ELEMENTS (KOHA)
Suppress in OPAC 0
Holdings
Withdrawn status Lost status Source of classification or shelving scheme Damaged status Not for loan Home library Current library Shelving location Date acquired Total Checkouts Full call number Barcode Date last seen Copy number Price effective from Koha item type
    Dewey Decimal Classification     London London News article 09/01/2001   WB3702-12 110232-1001 06/08/2019 1 06/08/2019 News article